000 01935cam a22004934i 4500
003 PE-LiUPU
005 20250731184541.0
008 150623s r 000 0 d
035 _a(Sirsi) a25504
040 _aPE-LiUPU
_bspa
_cPE-LiUPU
_erda
082 0 4 _a985.064
_bP61
_221
100 1 _aTudela, Francisco,
_eautor.
245 1 3 _aEl Perú en los albores del siglo XXI-4 :
_bciclo de conferencias 1999-2000 /
_cFrancisco Tudela.
264 1 _aLima :
_bFondo Editorial del Congreso del Perú,
_c2000.
300 _a320 páginas :
_bilustraciones, fotos ;
_c21 cm.
336 _atext
_2rdacontent
337 _aunmediated
_2rdamedia
338 _avolume
_2rdacarrier
500 _aCiclo de conferencias ofrecidas en el Congreso : 1998-1999.
504 _aIncluye bibliografía.
505 0 _aGlobalización, integración y poder. -Cultura e identidad. -Arte y lenguaje.
526 _aP136
526 _aP135
526 _aP134
526 _aP133
526 _aP144
526 _aP143
526 _aP87
526 _aP35
526 _aP20
526 _aP14
526 _aP10
526 _aP06
650 0 4 _aGlobalización y política nacional
_zPerú.
700 1 _aMatos Mar, José
700 1 _aLumbreras, Luis Guillermo..[et al.].
942 _2ddc
_cBOOK
949 _a985.064 P61
_wDEWEY
_c1
_i49605
_lCCODEBUL1
_mBUL
_p00.00
_r0
_sY
_tBOOK
_u2015-06-24
_xBIBLIOTECA
_zUNKNOWN
_0COMPRA
_o.STAFF. Colección General
596 _a1
999 _a985.064 P61
_wDEWEY
_c32433
_i49605
_f2021-11-8
_g5
_lCCODEBUL1
_mBUL
_r0
_sY
_tBOOK
_u2015-6-24
_xBIBLIOTECA
_zUNKNOWN
_0COMPRA
_o.STAFF. Colección General
_d32433
999 _a985.064 P61
_wDEWEY
_c2
_i74936
_f2021-11-9
_g5
_lCCODEBUL1
_mBUL
_r0
_sY
_tBOOK
_u2016-10-5
_xEDUCACION
_PP20
_0DONACION
_o.STAFF. Colección Ciencias Humanas y Educación
980 _81
_gALBERTO SANCHEZ Responsable de Automatización